000 01220nam a2200253Ia 4500
003 Ost
005 20260507075408.0
008 260507s9999||||xx |||||||||||||| ||und||
020 _a7329957978
040 _cfsecg
041 _aara
082 _a330
100 _aالبكري، ثامر
_eمؤلف
245 0 _aالإتصالات التسويقية والترويج /
_c ثامر البكري
250 _aطبعة 2
260 _aعمان:
_bدار الحامد,
_c2009
300 _a351 صفحة؛
_bإيضاحات ؛
_c24 سم
504 _aالمراجع ص.351
520 _aيضم الإتصالات، الإتصالات التسويقية، الإتصالات التسويقية المتكاملة، التخطيط للإتصالات التسويقية، الأخلااق والإتصالات التسويقية، الترويج وسلوك المستهلك، الإعلان، ترويج المبيعات، البيع الشخصي، العلاقات العامة، التسويق المباشر، قياس فاعلية الإتصالات التسويقية والترويج
653 _aأدارة المبيعات
653 _aالإتصال
653 _aالتسويق
942 _cكتاب
999 _c44338
_d44338